000 00326 a2200145 4500
001 177159
020 _a
040 _cMagnum
100 _aWilkes, Angela
240 1 0 _aMeu primeiro livro de ciencias
_lpor
245 1 0 _aMeu primeiro livro de ciencias
362 0 _a1899
697 _aMAGNITO: PARADIDATICOS
942 _cBK
999 _c177159
_d177159